Data communications and networking with TCP/IP protocol suite /

Bibliographic Details
Main Author: Forouzan, Behrouz A. (Author)
Format: Book
Language:English
Published: New York, NY ; India : McGraw Hill, c2022 [Ninth reprint, Eighth reprint 2025].
Edition:Sixth edition.
Series:McGraw-Hill Forouzan networking series
Subjects:
Classic Catalogue: View this record in Classic Catalogue
LEADER 05504nam a2200529 i 4500
001 45214
003 BD-DhAAL
005 20260301150444.0
008 251223r20252022ii a b 001 0 eng
010 |a  2020052158 
020 |a 9780078022098 
020 |a 9781260723106 
020 |a 9781260407976 
020 |a 9789355320940 
020 |a 9789355320964 
035 |a 21806025 
040 |a DLC  |b eng  |c DLC  |e rda  |d DLC  |d BD-DhAAL 
042 |a pcc 
050 0 0 |a TK5105  |b .F6617 2022 
082 0 0 |a 004.6  |2 23 
100 1 |a Forouzan, Behrouz A.,  |e author. 
240 1 0 |a Data communications and networking 
245 1 0 |a Data communications and networking with TCP/IP protocol suite /  |c Behrouz A. Forouzan. 
246 3 4 |a Data communications & networking with TCP/IP protocol suite 
250 |a Sixth edition. 
260 |a New York, NY ;  |a India :  |b McGraw Hill,  |c c2022 [Ninth reprint, Eighth reprint 2025]. 
300 |a xxv, 834 pages :  |b color illustrations ;  |c 24 cm 
490 0 |a McGraw-Hill Forouzan networking series 
500 |a Revised edition of: Data communications and networking. Reprint 2022 
504 |a Includes bibliographical references (pages 805-809) and index. 
526 8 |a CSE  |x Annajiat Alim Rasel Senior Lecturer Department of Computer Science and Engineering BRAC University Course Name and No.: Computer Networks (CSE 421) ; Computer Networks (EEE 465) ; Computer Networks Laboratory (EEE 466) 
541 1 |a Book Finder International Trim Education  |e 45214, 45215, 45216, 45256, 45257, 45258, 45259, 45260 
650 0 |a Data transmission systems. 
650 0 |a Computer networks. 
650 0 |a Computer science. 
650 0 |a TCP/IP (Computer network protocol) 
852 1 |a Ayesha Abed Library  |c General Stacks 
942 |2 ddc  |c BK 
999 |c 47628  |d 47628 
952 |0 0  |1 0  |2 ddc  |4 0  |6 004_600000000000000_FOR  |7 0  |9 78598  |a BRACUL  |b BRACUL  |c GEN  |d 2025-12-09  |e Book Finder International   |g 1394.00  |l 1  |m 9  |o 004.6 FOR  |p 3010045215  |q 2026-06-02  |r 2026-02-23  |s 2026-02-23  |t 2  |v 2788.00  |w 2025-12-09  |y BK  |x Requisitioned by Annajiat Alim Rasel (Senior Lecturer, Department of Computer Science and Engineering, BRAC University) for the course named- 'Computer Networks (CSE 421), Computer Networks (EEE 465), and Computer Networks Laboratory (EEE 466). 
952 |0 0  |1 0  |2 ddc  |4 0  |6 004_600000000000000_FOR  |7 0  |9 78599  |a BRACUL  |b BRACUL  |c GEN  |d 2025-12-09  |e Book Finder International   |g 1394.00  |l 1  |m 14  |o 004.6 FOR  |p 3010045216  |r 2026-05-13  |s 2026-01-31  |t 3  |v 2788.00  |w 2025-12-09  |y BK  |x Requisitioned by Annajiat Alim Rasel (Senior Lecturer, Department of Computer Science and Engineering, BRAC University) for the course named- 'Computer Networks (CSE 421), Computer Networks (EEE 465), and Computer Networks Laboratory (EEE 466). 
952 |0 0  |1 0  |2 ddc  |4 0  |6 004_600000000000000_FOR  |7 0  |9 78600  |a BRACUL  |b BRACUL  |c NEW  |d 2025-12-09  |e Book Finder International  |g 1394.00  |l 2  |m 6  |o 004.6 FOR  |p 3010045214  |q 2026-05-21  |r 2026-03-30  |s 2026-03-30  |t 1  |v 2788.00  |w 2025-12-09  |y BK  |x Requisitioned by Annajiat Alim Rasel (Senior Lecturer, Department of Computer Science and Engineering, BRAC University) for the course named- 'Computer Networks (CSE 421), Computer Networks (EEE 465), and Computer Networks Laboratory (EEE 466). 
952 |0 0  |1 0  |2 ddc  |4 0  |6 004_600000000000000_FOR  |7 0  |9 78822  |a BRACUL  |b BRACUL  |c GEN  |d 2026-03-01  |e Trim Education  |g 1300.00  |l 0  |o 004.6 FOR  |p 3010045258  |r 2026-03-01  |t 6  |v 2600.00  |w 2026-03-01  |y BK  |x Requisitioned by Annajiat Alim Rasel (Senior Lecturer, Department of Computer Science and Engineering, BRAC University) for the course named- 'Computer Networks (CSE 421), Computer Networks (EEE 465), and Computer Networks Laboratory (EEE 466). 
952 |0 0  |1 0  |2 ddc  |4 0  |6 004_600000000000000_FOR  |7 0  |9 78823  |a BRACUL  |b BRACUL  |c GEN  |d 2026-03-01  |e Trim Education  |g 1300.00  |l 0  |o 004.6 FOR  |p 3010045257  |r 2026-03-01  |t 5  |v 2600.00  |w 2026-03-01  |y BK  |x Requisitioned by Annajiat Alim Rasel (Senior Lecturer, Department of Computer Science and Engineering, BRAC University) for the course named- 'Computer Networks (CSE 421), Computer Networks (EEE 465), and Computer Networks Laboratory (EEE 466). 
952 |0 0  |1 0  |2 ddc  |4 0  |6 004_600000000000000_FOR  |7 0  |9 78824  |a BRACUL  |b BRACUL  |c GEN  |d 2026-03-01  |e Trim Education  |g 1300.00  |l 0  |o 004.6 FOR  |p 3010045259  |r 2026-03-01  |t 7  |v 2600.00  |w 2026-03-01  |y BK  |x Requisitioned by Annajiat Alim Rasel (Senior Lecturer, Department of Computer Science and Engineering, BRAC University) for the course named- 'Computer Networks (CSE 421), Computer Networks (EEE 465), and Computer Networks Laboratory (EEE 466). 
952 |0 0  |1 0  |2 ddc  |4 0  |6 004_600000000000000_FOR  |7 0  |9 78825  |a BRACUL  |b BRACUL  |c CIR  |d 2026-03-01  |e Trim Education  |g 1300.00  |l 0  |o 004.6 FOR  |p 3010045256  |r 2026-03-01  |t 4  |v 2600.00  |w 2026-03-01  |y 1HOUR  |x Requisitioned by Annajiat Alim Rasel (Senior Lecturer, Department of Computer Science and Engineering, BRAC University) for the course named- 'Computer Networks (CSE 421), Computer Networks (EEE 465), and Computer Networks Laboratory (EEE 466); As instructed by the University Librarian, the book has been placed on a one-hour loan period following the receipt of five copies. 
952 |0 0  |1 0  |2 ddc  |4 0  |6 004_600000000000000_FOR  |7 0  |9 78826  |a BRACUL  |b BRACUL  |c GEN  |d 2026-03-01  |e Trim Education  |g 1300.00  |l 0  |o 004.6 FOR  |p 3010045260  |r 2026-05-10  |t 8  |v 2600.00  |w 2026-03-01  |y BK  |x Requisitioned by Annajiat Alim Rasel (Senior Lecturer, Department of Computer Science and Engineering, BRAC University) for the course named- 'Computer Networks (CSE 421), Computer Networks (EEE 465), and Computer Networks Laboratory (EEE 466).